000 02144nam a22001457a 4500
999 _c533024
_d533024
008 260413b ||||| |||| 00| 0 eng d
100 _aManjula, R.
_960082
245 _aDo people participate in the decentralised planning of MGNREGS works? Evidence from Karnataka
260 _aJournal of Social and Economic Development
300 _a27(2), Aug, 2025: p.508-524
520 _aThis paper examines whether citizens participate in the planning processes initiated by the local government and whether citizen’s voices were heard in the preparation of development projects in the specific context of Mahatma Gandhi National Rural Employment Guarantee Scheme (MGNREGS). In this wage employment programme, citizens can access the benefits as a matter of right or entitlements. Participation by citizens is a key mechanism to ensure the accountability of the local government in the delivery of benefits to the people demanding for work under MGNREGS. In this regard, participatory planning gains lots of importance. Decentralised planning ensuring citizens′ participation will have greater success in undertaking need-based activities and successful implementation of the programme. By analysing primary data collected from a district in a South Indian state of Karnataka, this paper shows that people’s participation in the planning process varied across the villages. An important enabling factor for people to participate in the preparation of development plans is demand for the work. The paper finds positive association between people’s participation in the planning process of the programme and the demand for work. It is shown that when there is an adequate demand for work, people automatically participate and exercise their rights. The demand for work found to be high in backward region and among socially disadvantaged households.-Reproduced https://link.springer.com/article/10.1007/s40847-024-00396-8
650 _aDecentralised planning, People’s participation, Wage employment, Backward regions, MGNREGS, Public works programme
_960083
773 _aJournal of Social and Economic Development
942 _cAR